LEADER 01292nam 2200397Ia 450 001 996385550003316 005 20200824132508.0 035 $a(CKB)4940000000076502 035 $a(EEBO)2248584881 035 $a(OCoLC)ocm12319794e 035 $a(OCoLC)12319794 035 $a(EXLCZ)994940000000076502 100 $a19850729d1654 uy | 101 0 $aeng 135 $aurbn||||a|bb| 200 10$aDiatribe triplex, or, A threefold exercitation$b[electronic resource] $econcerning 1. Superstition, 2. Will-worship, 3. Christmas festivall, with the reverend and learned Dr. Hammond /$fby Daniel Cawdry .. 210 $aLondon $cPrinted for John Wright ...$d1654 215 $a[8], 204, [1] p 300 $aReproduction of original in Union Theological Seminary Library, New York. 300 $aErrata: p. [1] at end. 330 $aeebo-0160 606 $aWorship 606 $aSuperstition 606 $aFasts and feasts 615 0$aWorship. 615 0$aSuperstition. 615 0$aFasts and feasts. 700 $aCawdrey$b Daniel$f1588-1664.$01002469 801 0$bEAA 801 1$bEAA 801 2$bm/c 801 2$bWaOLN 906 $aBOOK 912 $a996385550003316 996 $aDiatribe triplex, or, A threefold exercitation$92358809 997 $aUNISA LEADER 01583nam 2200457 450 001 996475770203316 005 20231110225617.0 010 $a3-031-07469-6 035 $a(MiAaPQ)EBC7001373 035 $a(Au-PeEL)EBL7001373 035 $a(CKB)22898392800041 035 $a(PPN)26878213X 035 $a(EXLCZ)9922898392800041 100 $a20221218d2022 uy 0 101 0 $aeng 135 $aurcnu|||||||| 181 $ctxt$2rdacontent 182 $cc$2rdamedia 183 $acr$2rdacarrier 200 00$aImplementation and application of automata $e26th International Conference, CIAA 2022, Rouen, France, June 28-July 1, 2022, Proceedings /$fedited by Pascal Caron and Ludovic Mignot 210 1$aCham, Switzerland :$cSpringer,$d[2022] 210 4$d©2022 215 $a1 online resource (258 pages) 225 1 $aLecture Notes in Computer Science ;$vv.13266 300 $aIncludes index. 311 08$aPrint version: Caron, Pascal Implementation and Application of Automata Cham : Springer International Publishing AG,c2022 9783031074684 410 0$aLecture Notes in Computer Science 606 $aData structures (Computer science) 606 $aComputational complexity 615 0$aData structures (Computer science) 615 0$aComputational complexity. 676 $a004 702 $aCaron$b Pascal 702 $aMignot$b Ludovic 801 0$bMiAaPQ 801 1$bMiAaPQ 801 2$bMiAaPQ 906 $aBOOK 912 $a996475770203316 996 $aImplementation and Application of Automata$93552118 997 $aUNISA LEADER 02691nam 22004933a 450 001 9910476925003321 005 20250513224744.0 010 $a9783205209270 010 $a3205209273 024 8 $ahttps://doi.org/10.7767/9783205209270 035 $a(CKB)5410000000003972 035 $a(ScCtBLL)cb6f23cd-4463-45d4-97bc-1baed0d4ad21 035 $a(oapen)https://directory.doabooks.org/handle/20.500.12854/30950 035 $a(Perlego)2328352 035 $a(EXLCZ)995410000000003972 100 $a20211214i20202020 uu 101 0 $ager 135 $auru|||||||||| 181 $ctxt$2rdacontent 182 $cc$2rdamedia 183 $acr$2rdacarrier 200 04$aDer griechisch-orientalische Religionsfonds der Bukowina 1783-1949 $eKontinuitäten und Brüche einer prägenden Institution des Josephinismus /$fKurt Scharr 210 $cBöhlau$d2020 210 1$a[s.l.] :$cBo?hlau,$d2020. 215 $a1 online resource (1 p.) 225 1 $aVero?ffentlichungen der Kommission fu?r Neuere Geschichte O?sterreichs 311 08$a3783205209263 311 08$a9783205209263 311 08$a3205209265 330 $aIn the course of the Josephinian reforms, monasteries were dissolved and church property was fundamentally transformed. At that time, Bukovina was still a young province of the Habsburg Empire. The Orthodox Church dominated denominationally. As early as 1783, a Greek-Oriental religious fund was created based on the church property. This institution was fundamentally different from Catholic funds, since it was regionally anchored from the start. As the largest landowner of Bukovina, this institution developed into a factor that shaped the region and society significantly until it was dissolved in 1949. The analysis of the Bukovinian Religious Fund in its importance for the design, development and nationalization of the region as part of the Habsburg monarchy as well as Greater Romania is the subject of the monograph. It offers a surprisingly new insight into a neglected research field, far beyond the region. 410 $aVero?ffentlichungen der Kommission fu?r Neuere Geschichte O?sterreichs 517 $aGriechisch-orientalische Religionsfonds der Bukowina 1783-1949 606 $aReligion / Christian Church / History$2bisacsh 606 $aReligion 607 $aBukovina (Romania and Ukraine)$xChurch history 615 7$aReligion / Christian Church / History 615 0$aReligion. 700 $aScharr$b Kurt$0801939 801 0$bScCtBLL 801 1$bScCtBLL 906 $aBOOK 912 $a9910476925003321 996 $aDer griechisch-orientalische Religionsfonds der Bukowina 1783-1949$92566014 997 $aUNINA